The Emerging threat of radical populism /
Mas que un modelo económico, el neoliberalismo puede considerarse un modo de dominación en las escalas nacional y global, el cual golpeó con particular certeza a las iniciativas enmarcadas en las contrarrespuestas (ideológicas, políticas, sociales) que surgieron durante su ascenso y hegemonización....
Gorde:
| Egile nagusia: | |
|---|---|
| Formatua: | Texto |
| Gaiak: | |
| Etiketak: |
Etiketa erantsi
Etiketarik gabe, Izan zaitez lehena erregistro honi etiketa jartzen!
|
MARC
| LEADER | 00000 a a2200000 04500 | ||
|---|---|---|---|
| 001 | 10044 | ||
| 003 | |||
| 040 | |||
| 100 | |a Gilly, Adolfo | ||
| 245 | |a The Emerging threat of radical populism / |c Adolfo Gilly | ||
| 520 | |a Mas que un modelo económico, el neoliberalismo puede considerarse un modo de dominación en las escalas nacional y global, el cual golpeó con particular certeza a las iniciativas enmarcadas en las contrarrespuestas (ideológicas, políticas, sociales) que surgieron durante su ascenso y hegemonización. No obstante, los grupos subordinados en ese proceso han ido recuperando protagonismo, reinvindicando garantías, nuevos derechos y libertades. Es precisamente en ese contexto que emergen las "amenazas del populismo radical", el cual es considerado un proceso político en formación que surge desde abajo, en el subcontinente latinoamericano | ||
| 650 | |a GLOBALIZACION | ||
| 650 | |a HEGEMONIA | ||
| 650 | |a MOVIMIENTOS SOCIALES | ||
| 650 | |a HISTORIA POLITICA | ||
| 773 | |g volumen 39, número 2; páginas 37-40 | ||
| 999 | |c 23441 |d 23441 | ||
